<?xml version="1.0" encoding="UTF-8"?><?xml-stylesheet type="text/xsl" href="static/style.xsl"?><OAI-PMH xmlns="http://www.openarchives.org/OAI/2.0/" xmlns:xsi="http://www.w3.org/2001/XMLSchema-instance" xsi:schemaLocation="http://www.openarchives.org/OAI/2.0/ http://www.openarchives.org/OAI/2.0/OAI-PMH.xsd"><responseDate>2026-04-13T04:02:45Z</responseDate><request verb="GetRecord" identifier="oai:www.recercat.cat:2117/98392" metadataPrefix="marc">https://recercat.cat/oai/request</request><GetRecord><record><header><identifier>oai:recercat.cat:2117/98392</identifier><datestamp>2025-07-23T05:37:47Z</datestamp><setSpec>com_2072_1033</setSpec><setSpec>col_2072_452951</setSpec></header><metadata><record xmlns="http://www.loc.gov/MARC21/slim" xmlns:dcterms="http://purl.org/dc/terms/" xmlns:xsi="http://www.w3.org/2001/XMLSchema-instance" xmlns:doc="http://www.lyncode.com/xoai" xsi:schemaLocation="http://www.loc.gov/MARC21/slim http://www.loc.gov/standards/marcxml/schema/MARC21slim.xsd">
   <leader>00925njm 22002777a 4500</leader>
   <datafield ind2=" " ind1=" " tag="042">
      <subfield code="a">dc</subfield>
   </datafield>
   <datafield ind2=" " ind1=" " tag="720">
      <subfield code="a">Muñoz Souweine, Silvia</subfield>
      <subfield code="e">author</subfield>
   </datafield>
   <datafield ind2=" " ind1=" " tag="260">
      <subfield code="c">2016-06-23</subfield>
   </datafield>
   <datafield ind2=" " ind1=" " tag="520">
      <subfield code="a">Este proyecto consiste en el diseño y construcción de un sistema electrónico basado en un microcontrolador que maneje el movimiento de un vehículo de tres ruedas, dos de ellas movidas por motores de corriente continua.&#xd;
La trayectoria y el tipo de desplazamiento podrán ser determinados de forma automática o manual. Si el vehículo se encuentra en modo de conducción manual, el usuario es el que dirige los movimientos escogiéndolos de entre una serie de opciones predeterminadas mediante una aplicación para smartphone Android. Por otro lado, si se encuentra en modo de conducción automática, el propio vehículo mediante un sensor digital identificará&#xd;
diferentes colores que se le presenten a tal efecto y ejecutará, para cada color, una acción predeterminada.&#xd;
El microcontrolador de 8 bits que se utiliza es de la familia PIC del fabricante Microchip. La comunicación entre el usuario y el vehículo se realiza mediante tecnología bluetooth por vía de un teléfono con sistema operativo Android. Se han escogido estos componentes por su disponibilidad y bajo coste económico.&#xd;
Se ha diseñado una aplicación para dispositivo Android que permite dar instrucciones al vehículo utilizando el software App Inventor 2 del MIT. En este documento se detallan los componentes utilizados para la construcción de este vehículo así como los pasos que se han ido siguiendo para implementarlo. También se&#xd;
explica la aplicación de Android que se ha creado para manejar el vehículo y la programación del microcontrolador.</subfield>
   </datafield>
   <datafield tag="653" ind2=" " ind1=" ">
      <subfield code="a">Àrees temàtiques de la UPC::Enginyeria elèctrica</subfield>
   </datafield>
   <datafield tag="653" ind2=" " ind1=" ">
      <subfield code="a">Àrees temàtiques de la UPC::Enginyeria mecànica</subfield>
   </datafield>
   <datafield tag="653" ind2=" " ind1=" ">
      <subfield code="a">Robots -- Control systems</subfield>
   </datafield>
   <datafield tag="653" ind2=" " ind1=" ">
      <subfield code="a">Automòbils</subfield>
   </datafield>
   <datafield tag="653" ind2=" " ind1=" ">
      <subfield code="a">Robots -- Sistemes de control</subfield>
   </datafield>
   <datafield ind2="0" ind1="0" tag="245">
      <subfield code="a">Diseño y construcción de un vehículo de tres ruedas seguidor de trayectoria seleccionable</subfield>
   </datafield>
</record></metadata></record></GetRecord></OAI-PMH>